Andorra: Flags of the Parishes - Statistics

General Stats
  • This quiz has been taken 31 times
  • The average score is 4 of 7
Answer Stats
Picture Answer % Correct
Andorra la Vella
88%
La Massana
81%
Ordino
63%
Escaldes-Engordany
56%
Encamp
50%
Canillo
44%
San Julián de Loria
13%
No matching quizzes found
Score Distribution
Percent of People with Each Score
Percentile by Number Answered
Your Score History
You have not taken this quiz